The Japanese question :

שמור ב:
מידע ביבליוגרפי
מחבר ראשי: Pyle, Kenneth B.
פורמט: ספר
שפה:Undetermined
יצא לאור: Washington, D.C. The AEI Press 1992
נושאים:
תגים: הוספת תג
אין תגיות, היה/י הראשונ/ה לתייג את הרשומה!
Thư viện lưu trữ: Trung tâm Học liệu Trường Đại học Cần Thơ
LEADER 00545nam a2200205Ia 4500
001 CTU_110525
008 210402s9999 xx 000 0 und d
082 |a 952.04 
082 |b P996 
100 |a Pyle, Kenneth B. 
245 4 |a The Japanese question : 
245 0 |c Kenneth B. Pyle 
260 |a Washington, D.C. 
260 |b The AEI Press 
260 |c 1992 
650 |a Japan,¦orld politics 
650 |x Politics and government 
650 |y 1945-,1945- 
904 |i Minh 
980 |a Trung tâm Học liệu Trường Đại học Cần Thơ